| 000 | 00651 a2200217 4500 | ||
|---|---|---|---|
| 003 | OSt | ||
| 005 | 20180116182821.0 | ||
| 008 | 160425b xxu||||| |||| 00| 0 eng d | ||
| 020 | _a0071233040 (paperback) | ||
| 020 | _a9780071233040 (paperback) | ||
| 040 | _c0 | ||
| 100 | 1 | _aSaunders. | |
| 245 | 1 | 0 |
_aFinancial institutions management / _cSaunders. |
| 250 | _afourth international ed. | ||
| 260 | _c2003 | ||
| 300 | _a1 v. (unpaged) | ||
| 490 | 1 | _aInternational edition. | |
| 830 | 0 | _aInternational edition. | |
| 856 | 4 | 0 |
_3Amazon.com _uhttp://www.amazon.com/exec/obidos/ASIN/0071233040/chopaconline-20 |
| 942 |
_aNBS _cBK _k332.1068 SAU _2ddc |
||
| 999 |
_c346524 _d346524 |
||